Online
Catalog

Guazábara : (Record no. 30107)

MARC details
000 -CABECERA
campo de control de longitud fija 00490nam a2200157 a 4500
001 - NÚMERO DE CONTROL
campo de control 000030615
005 - FECHA Y HORA DE LA ÚLTIMA TRANSACCIÓN
campo de control 20200930062418.0
008 - DATOS DE LONGITUD FIJA--INFORMACIÓN GENERAL
campo de control de longitud fija 110525s1943 dr c r 000 p spa d
040 ## - FUENTE DE LA CATALOGACIÓN
Centro catalogador/agencia de origen DO-SdBNP
Lengua de catalogación spa
Centro/agencia transcriptor BNPHU
082 ## - NÚMERO DE LA CLASIFICACIÓN DECIMAL DEWEY
Número de clasificación xxxx
Número de documento/Ítem V635g
100 1# - ENTRADA PRINCIPAL--NOMBRE DE PERSONA
Nombre de persona Vicioso, Juan Antonio
9 (RLIN) 57206
245 10 - MENCIÓN DE TÍTULO
Título Guazábara :
Resto del título cuento /
Mención de responsabilidad, etc. Juan Antonio Vicioso.
260 ## - PUBLICACIÓN, DISTRIBUCIÓN, ETC.
Lugar de publicación, distribución, etc. Santiago, República Dominicana :
Nombre del editor, distribuidor, etc. Editorial El Diario,
Fecha de publicación, distribución, etc. 1943.
300 ## - DESCRIPCIÓN FÍSICA
Extensión 28 p. :
Otras características físicas retrs. ;
Dimensiones 20 cm.
586 ## - NOTA DE PREMIOS
Nota de premios Premio de prosa 1942.
Holdings
Estado de retiro Estado de pérdida Restricciones de uso No para préstamo Código de colección Localización permanente Ubicación/localización actual Ubicación en estantería Fecha de adquisición Número de inventario Total de préstamos Signatura topográfica completa Código de barras Fecha visto por última vez Número de copia Precio válido a partir de Tipo de ítem Koha Nota pública
        Raros y valiosos General General Depósito 25.06.2019 LF1   xxxx V635g 30615-30 25.06.2020 e.3 25.06.2020 Préstamo en sala Perteneció a la biblioteca personal de la familia Reyes Duluc.
      Excluido de préstamo Raros y valiosos Patrimonio Dominicano Patrimonio Dominicano Depósito 25.05.2011 LF1   xxxx V635g 30615-10 25.06.2020   25.06.2020 No se presta Perteneció a la biblioteca personal de Federico Henríquez y Carvajal.
      Excluido de préstamo Raros y valiosos Patrimonio Dominicano Patrimonio Dominicano Depósito 27.05.2011 LF1   xxxx V635g 30615-20 25.06.2020 e.2 25.06.2020 No se presta Perteneció a la biblioteca personal de Martínez Boog.

Powered by Koha